Пусковой режим микродвигателя-маховика; Современные техника и технологии; Т. 1

Bibliographic Details
Parent link:Современные техника и технологии: сборник трудов XXI международной научной конференции студентов, аспирантов и молодых ученых, Томск, 5-9 октября 2015 г./ Национальный исследовательский Томский политехнический университет (ТПУ).— , 2015
Т. 1.— [С. 249-251]
Main Author: Буй Дык Бьен
Corporate Author: Национальный исследовательский Томский политехнический университет
Other Authors: Иванова А. Г. Антонина Геннадьевна (научный руководитель), Мартемьянов В. М. Владимир Михайлович
Summary:Заглавие с титульного экрана
Language:Russian
Published:
Series:Электронные устройства контроля и диагностики
Subjects:
Online Access:http://earchive.tpu.ru/handle/11683/22152
http://www.lib.tpu.ru/fulltext/c/2015/C01/V1/076.pdf
Format: MixedMaterials Electronic Book Chapter
KOHA link:https://koha.lib.tpu.ru/cgi-bin/koha/opac-detail.pl?biblionumber=615115

MARC

LEADER 00000naa2a2200000 4500
001 615115
005 20260117160307.0
035 |a (RuTPU)RU\TPU\conf\13314 
035 |a RU\TPU\conf\13313 
090 |a 615115 
100 |a 20151027d2015 k y0rusy50 ca 
101 0 |a rus 
102 |a RU 
105 |a y z 101zy 
135 |a drcn ---uucaa 
181 0 |a i  
182 0 |a b 
200 1 |a Пусковой режим микродвигателя-маховика  |d Starting mode micromotor-flywheel  |f Буй Дык Бьен, А. Г. Иванова, В. М. Мартемьянов  |g науч. рук. В. М. Мартемьянов 
203 |a Текст  |c электронный 
225 1 |a Электронные устройства контроля и диагностики 
300 |a Заглавие с титульного экрана 
320 |a [Библиогр.: с. 251 (6 назв.)] 
337 |a Adobe Reader 
461 1 |0 (RuTPU)RU\TPU\conf\13102  |t Современные техника и технологии  |o сборник трудов XXI международной научной конференции студентов, аспирантов и молодых ученых, Томск, 5-9 октября 2015 г.  |o в 2 т.  |f Национальный исследовательский Томский политехнический университет (ТПУ)  |d 2015 
463 0 |0 (RuTPU)RU\TPU\conf\13104  |t Т. 1  |f под ред. А. А. Сивкова [и др.]  |v [С. 249-251] 
510 1 |a Starting mode micromotor-flywheel  |z eng 
610 1 |a труды учёных ТПУ 
610 1 |a электронный ресурс 
610 1 |a пусковые режимы 
610 1 |a микродвигатели 
610 1 |a маховики 
610 1 |a малые космические аппараты 
700 0 |a Буй Дык Бьен 
701 1 |a Иванова  |b А. Г.  |c специалист в области приборостроения  |c инженер Томского политехнического университета  |f 1989-  |g Антонина Геннадьевна  |3 (RuTPU)RU\TPU\pers\31014 
701 1 |a Мартемьянов  |b В. М.  |c специалист в области приборостроения  |c доцент Томского политехнического университета, кандидат технических наук  |c выпускник Томского политехнического института 1971 г.  |f 1949-  |g Владимир Михайлович  |3 (RuTPU)RU\TPU\pers\26586 
702 1 |a Мартемьянов  |b В. М.  |c специалист в области приборостроения  |c доцент Томского политехнического университета, кандидат технических наук  |c выпускник Томского политехнического института 1971 г.  |f 1949-  |g Владимир Михайлович  |4 727 
712 0 2 |a Национальный исследовательский Томский политехнический университет  |c (2009- )  |9 26305 
801 2 |a RU  |b 63413507  |c 20210120  |g RCR 
856 4 |u http://earchive.tpu.ru/handle/11683/22152 
856 4 |u http://www.lib.tpu.ru/fulltext/c/2015/C01/V1/076.pdf 
942 |c BK